General financial rules (Record no. 4417)

MARC details
000 -LEADER
fixed length control field 00452nam a2200169Ia 4500
003 - CONTROL NUMBER IDENTIFIER
control field IN-BaIIA
008 - FIXED-LENGTH DATA ELEMENTS--GENERAL INFORMATION
fixed length control field 211028s9999 xx 000 0 eng d
040 ## - CATALOGING SOURCE
Transcribing agency IIA Library
080 ## - UNIVERSAL DECIMAL CLASSIFICATION NUMBER
Universal Decimal Classification number 658.31
Item number MUT
100 ## - MAIN ENTRY--PERSONAL NAME
Personal name Muthuswamy, P
9 (RLIN) 7319
245 #0 - TITLE STATEMENT
Title General financial rules
Statement of responsibility, etc. P. Muthuswamy
260 ## - PUBLICATION, DISTRIBUTION, ETC.
Place of publication, distribution, etc. Madras
Name of publisher, distributor, etc. Swamy Publishers
Date of publication, distribution, etc. 1971
300 ## - PHYSICAL DESCRIPTION
Extent xvi, 263p.
650 ## - SUBJECT ADDED ENTRY--TOPICAL TERM
Topical term or geographic name entry element Central Government Rules
9 (RLIN) 7081
650 ## - SUBJECT ADDED ENTRY--TOPICAL TERM
Topical term or geographic name entry element Others Thesaurus
9 (RLIN) 637
942 ## - ADDED ENTRY ELEMENTS (KOHA)
Koha item type Books
Holdings
Withdrawn status Lost status Damaged status Not for loan Home library Current library Shelving location Date acquired Cost, normal purchase price Total Checkouts Full call number Barcode Date last seen Date last checked out Cost, replacement price Price effective from Koha item type Purchase Price
        IIA Library-Bangalore IIA Library-Bangalore General Stacks 22/06/1974 10.00 1 658.31/ MUT 4932 06/03/2026 06/03/2026 10.00 22/06/1974 Books Rs. 10.00

Powered by Koha